[Event "40. Open Vila de Sitges 2014"]
[Site "Sitges ESP"]
[Date "2014.07.26"]
[Round "5.7"]
[White "Aroshidze, Levan"]
[Black "Vidarte Morales, Arturo"]
[Result "1-0"]
[WhiteElo "2565"]
[BlackElo "2323"]
[PlyCount "93"]
[EventDate "2014.07.22"]
[EventType "swiss"]
[EventRounds "9"]
[EventCountry "ESP"]
[Source "lmi"]
[SourceDate "2014.07.22"]

1. e4 c5 2. Nf3 e6 3. d4 cxd4 4. Nxd4 a6 5. Bd3 Bc5 6. Nb3 Be7 7. Be3 d6 8. f4
Qc7 9. Qf3 Nd7 10. N1d2 Rb8 11. O-O-O Ngf6 12. g4 h6 13. Kb1 b5 14. Rhg1 Bb7
15. h4 h5 16. g5 Ng4 17. Bd4 e5 18. Bc3 Qb6 19. a3 Rc8 20. f5 f6 21. Ba5 Qa7
22. g6 Qf2 23. Qh3 Qa7 24. Rde1 Nc5 25. Nxc5 dxc5 26. Be2 Bd8 27. Bxd8 Rxd8 28.
Bxg4 Rxd2 29. Qe3 Rd7 30. Bf3 Qb6 31. Rd1 a5 32. Rxd7 Kxd7 33. Rd1+ Ke7 34. Qd3
Qc6 35. Bxh5 c4 36. Qd2 Qc7 37. Qe2 Qc6 38. Bf3 Rxh4 39. Qe1 Rh8 40. Qxa5 Rc8
41. Rd5 c3 42. Qb4+ Ke8 43. Be2 Qb6 44. Bxb5+ Bc6 45. Rc5 cxb2 46. Rxc6 Rxc6
47. Qc4 1-0

[Event "40. Open Vila de Sitges 2014"]
[Site "Sitges ESP"]
[Date "2014.07.26"]
[Round "5.8"]
[White "Mosquera, Miguel"]
[Black "Rahman, Ziaur"]
[Result "1-0"]
[WhiteElo "2362"]
[BlackElo "2515"]
[PlyCount "95"]
[EventDate "2014.07.22"]
[EventType "swiss"]
[EventRounds "9"]
[EventCountry "ESP"]
[Source "lmi"]
[SourceDate "2014.07.22"]

1. e4 e6 2. d4 d5 3. Nd2 Be7 4. Ngf3 Nf6 5. Bd3 c5 6. dxc5 dxe4 7. Nxe4 Nxe4 8.
Bxe4 Qxd1+ 9. Kxd1 Bxc5 10. Ke2 Nd7 11. Be3 Bxe3 12. Kxe3 Nc5 13. Nd2 Nxe4 14.
Nxe4 Ke7 15. Rhd1 Bd7 16. c4 Bc6 17. g3 f5 18. Nc5 g5 19. Nd3 Rhg8 20. Ne5 f4+
21. Ke2 Rgd8 22. Nxc6+ bxc6 23. gxf4 gxf4 24. Kf3 e5 25. Ke4 Ke6 26. b4 a6 27.
a3 h5 28. h4 Rab8 29. c5 Rd5 30. Rxd5 cxd5+ 31. Kd3 a5 32. Rb1 Rb5 33. Kc3 Kd7
34. Rg1 axb4+ 35. axb4 Rb8 36. Rg6 Kc7 37. Rg5 Re8 38. b5 Re7 39. Rf5 Kd7 40.
Rf6 d4+ 41. Kc4 e4 42. b6 Kc8 43. c6 Re8 44. Rf7 e3 45. Ra7 Kd8 46. Ra8+ Ke7
47. Rxe8+ Kxe8 48. b7 1-0

[Event "40. Open Vila de Sitges 2014"]
[Site "Sitges ESP"]
[Date "2014.07.26"]
[Round "5.9"]
[White "Munoz Pantoja, Miguel"]
[Black "Piasetski, Leon"]
[Result "1/2-1/2"]
[WhiteElo "2457"]
[BlackElo "2297"]
[PlyCount "80"]
[EventDate "2014.07.22"]
[EventType "swiss"]
[EventRounds "9"]
[EventCountry "ESP"]
[Source "lmi"]
[SourceDate "2014.07.22"]

1. e4 c6 2. Nc3 d5 3. Nf3 Nf6 4. e5 Ne4 5. d4 Nxc3 6. bxc3 e6 7. Bd3 h6 8. O-O
c5 9. dxc5 Nd7 10. c4 Nxc5 11. cxd5 Nxd3 12. Qxd3 Qxd5 13. Qxd5 exd5 14. Rd1
Be6 15. Be3 a6 16. Nd4 Rc8 17. Rab1 b5 18. a4 b4 19. a5 Be7 20. Rb2 Rc4 21.
Nxe6 fxe6 22. Rdb1 Kf7 23. Bd2 Rb8 24. c3 bxc3 25. Rxb8 cxd2 26. Rd1 Bb4 27.
Kf1 Re4 28. Rxb4 Rxb4 29. Rxd2 Ra4 30. Rc2 Rxa5 31. Rc7+ Kg6 32. g4 Ra4 33. f3
Ra2 34. h4 h5 35. Re7 Ra4 36. Rxe6+ Kf7 37. Rd6 hxg4 38. fxg4 Rxg4 39. Rxd5 Ke6
40. Ra5 Rxh4 1/2-1/2

[Event "40. Open Vila de Sitges 2014"]
[Site "Sitges ESP"]
[Date "2014.07.26"]
[Round "5.10"]
[White "Palit, Somak"]
[Black "Raghunandan, Kaumandur Srihari"]
[Result "1-0"]
[WhiteElo "2411"]
[BlackElo "2148"]
[PlyCount "103"]
[EventDate "2014.07.22"]
[EventType "swiss"]
[EventRounds "9"]
[EventCountry "ESP"]
[Source "lmi"]
[SourceDate "2014.07.22"]

1. d4 d5 2. Nf3 Nf6 3. e3 c6 4. Bd3 Bg4 5. Nbd2 e6 6. O-O Nbd7 7. c4 Bd6 8. Qc2
O-O 9. b3 Qe7 10. Bb2 e5 11. dxe5 Nxe5 12. cxd5 cxd5 13. Bf5 Nxf3+ 14. Nxf3
Bxf3 15. gxf3 Be5 16. Rfd1 Rfd8 17. Rd2 Rd6 18. Rad1 Rc6 19. Qb1 Rd8 20. Bxe5
Qxe5 21. Rd4 Rb8 22. Bh3 Qc7 23. R4d2 b5 24. Bg2 Rc8 25. f4 Rc1 26. Qd3 Rxd1+
27. Rxd1 Qc2 28. Bxd5 Qxd3 29. Rxd3 Kf8 30. Bf3 Rc2 31. a3 Ke7 32. b4 h6 33.
Kg2 Nd7 34. Rd5 a6 35. Rd3 Nb6 36. Bb7 Nc4 37. Bxa6 Nd6 38. Rd5 Nc4 39. Rxb5
Nxe3+ 40. Kf3 Nd1 41. Rd5 Nb2 42. Rc5 Rxc5 43. bxc5 Na4 44. c6 Kd6 45. Bb5 Nc5
46. Ke3 Ne6 47. a4 Nc7 48. Ke4 g6 49. f5 g5 50. f6 Ke6 51. Bc4+ Kxf6 52. Kd4
1-0

[Event "40. Open Vila de Sitges 2014"]
[Site "Sitges ESP"]
[Date "2014.07.28"]
[Round "6.1"]
[White "Gomez Garrido, Camilo Ernesto"]
[Black "Oliva Castaneda, Kevel"]
[Result "1/2-1/2"]
[WhiteElo "2495"]
[BlackElo "2419"]
[PlyCount "33"]
[EventDate "2014.07.22"]
[EventType "swiss"]
[EventRounds "9"]
[EventCountry "ESP"]
[Source "lmi"]
[SourceDate "2014.07.22"]

1. e4 c6 2. d4 d5 3. Nd2 dxe4 4. Nxe4 Bf5 5. Ng3 Bg6 6. Nf3 e6 7. h4 h6 8. h5
Bh7 9. Bd3 Bxd3 10. Qxd3 Nf6 11. Bf4 Bd6 12. Bxd6 Qxd6 13. O-O-O Nbd7 14. Kb1
O-O-O 15. Ne4 Nxe4 16. Qxe4 Nf6 17. Qe2 1/2-1/2

[Event "40. Open Vila de Sitges 2014"]
[Site "Sitges ESP"]
[Date "2014.07.28"]
[Round "6.3"]
[White "Alarcon Casellas, Rolando"]
[Black "Aroshidze, Levan"]
[Result "1-0"]
[WhiteElo "2378"]
[BlackElo "2565"]
[PlyCount "97"]
[EventDate "2014.07.22"]
[EventType "swiss"]
[EventRounds "9"]
[EventCountry "ESP"]
[Source "lmi"]
[SourceDate "2014.07.22"]

1. d4 Nf6 2. Bg5 c5 3. d5 Ne4 4. Bf4 Qb6 5. Nd2 Qxb2 6. Nxe4 Qb4+ 7. Qd2 Qxe4
8. e3 d6 9. Rb1 Nd7 10. Nf3 Qg6 11. h4 h6 12. h5 Qf6 13. Bc4 g5 14. hxg6 fxg6
15. e4 g5 16. Bg3 Bg7 17. O-O O-O 18. e5 Nxe5 19. Nxe5 dxe5 20. Rfe1 Qd6 21.
Re3 b5 22. Bxb5 Rb8 23. Rbb3 Bb7 24. Bc4 Ba8 25. Qe2 Rxb3 26. cxb3 Bxd5 27.
Bxe5 Bxe5 28. Bxd5+ Qxd5 29. Rxe5 Qd4 30. Rxe7 Rf7 31. Re8+ Kg7 32. g3 Qa1+ 33.
Kg2 Qf6 34. Re6 Qd4 35. Re8 Qd5+ 36. Kg1 Qd4 37. Qc2 Qa1+ 38. Kg2 Qd4 39. Qe2
Qd5+ 40. Kg1 Qd4 41. Qe1 Qf6 42. Re5 Rc7 43. Re6 Qd4 44. Qb1 Rf7 45. Qg6+ Kf8
46. Qxh6+ Qg7 47. Qxg7+ Kxg7 48. Re5 Kg6 49. Rxc5 1-0

[Event "40. Open Vila de Sitges 2014"]
[Site "Sitges ESP"]
[Date "2014.07.28"]
[Round "6.4"]
[White "Perez Mitjans, Orelvis"]
[Black "Das, Sayantan"]
[Result "1-0"]
[WhiteElo "2414"]
[BlackElo "2381"]
[PlyCount "55"]
[EventDate "2014.07.22"]
[EventType "swiss"]
[EventRounds "9"]
[EventCountry "ESP"]
[Source "lmi"]
[SourceDate "2014.07.22"]

1. e4 e6 2. d4 d5 3. Nc3 Bb4 4. exd5 exd5 5. Bd3 Nc6 6. a3 Bxc3+ 7. bxc3 Nge7
8. Qh5 Be6 9. Rb1 Qc8 10. Ne2 Bf5 11. Nf4 Bg6 12. Bxg6 fxg6 13. Qe2 Kf7 14. Qf3
Qf5 15. Rxb7 Rhc8 16. Rb5 Rab8 17. Rc5 Rd8 18. O-O Rb1 19. Qd3 Rd7 20. Qxf5+
gxf5 21. Nd3 Rb6 22. Re1 Rb1 23. Kf1 Ra1 24. Bg5 Rxe1+ 25. Kxe1 Ke6 26. Kd2 Kd6
27. Bxe7+ Nxe7 28. Ne5 1-0

[Event "40. Open Vila de Sitges 2014"]
[Site "Sitges ESP"]
[Date "2014.07.28"]
[Round "6.5"]
[White "Mosquera, Miguel"]
[Black "Palit, Somak"]
[Result "0-1"]
[WhiteElo "2362"]
[BlackElo "2411"]
[PlyCount "60"]
[EventDate "2014.07.22"]
[EventType "swiss"]
[EventRounds "9"]
[EventCountry "ESP"]
[Source "lmi"]
[SourceDate "2014.07.22"]

1. e4 c5 2. c3 Qa5 3. Nf3 Nc6 4. Na3 e6 5. e5 f6 6. Qe2 fxe5 7. Nxe5 Nf6 8. g3
Qc7 9. f4 Be7 10. Bg2 O-O 11. Nxc6 bxc6 12. O-O d5 13. c4 Bd6 14. b3 Bd7 15.
Bb2 d4 16. Rae1 Rae8 17. d3 Qc8 18. Be4 Nxe4 19. dxe4 a5 20. Nb1 e5 21. f5 a4
22. Nd2 axb3 23. axb3 Qb7 24. Ra1 Be7 25. Nf3 Bf6 26. Ra3 Bxf5 27. exf5 e4 28.
Ne1 d3 29. Qg2 Qd7 30. Bxf6 d2 0-1

[Event "40. Open Vila de Sitges 2014"]
[Site "Sitges ESP"]
[Date "2014.07.28"]
[Round "6.6"]
[White "Meister, Peter"]
[Black "Hernando Rodrigo, Julio Antoni"]
[Result "0-1"]
[WhiteElo "2410"]
[BlackElo "2332"]
[PlyCount "94"]
[EventDate "2014.07.22"]
[EventType "swiss"]
[EventRounds "9"]
[EventCountry "ESP"]
[Source "lmi"]
[SourceDate "2014.07.22"]

1. d4 Nf6 2. c4 e6 3. Nf3 b6 4. g3 Bb7 5. Bg2 Be7 6. Nc3 d5 7. Ne5 O-O 8. O-O
c6 9. e4 dxc4 10. Nxc4 Ba6 11. b3 b5 12. Ne3 b4 13. Ne2 Bxe2 14. Qxe2 Qxd4 15.
Bb2 Qb6 16. Bxf6 Bxf6 17. e5 Be7 18. Rac1 a5 19. Be4 Ra7 20. Qh5 g6 21. Qh6 f5
22. exf6 Bxf6 23. h4 Qd4 24. Bxc6 Nxc6 25. Rxc6 Bg7 26. Qg5 Qe4 27. Qb5 Raf7
28. Qc4 Qxc4 29. Rxc4 Rd7 30. Rc2 Rd3 31. Kg2 Bc3 32. Nc4 Ra8 33. Re2 Kf7 34.
Rc1 Kf6 35. Re4 Ra6 36. Rc2 a4 37. bxa4 Rxa4 38. Rce2 Ra6 39. Rf4+ Ke7 40. Ne5
Rd5 41. Nf3 Rda5 42. Ng5 h6 43. Ne4 Be5 44. Rg4 Rxa2 45. Re3 Rb6 46. Re1 Ra1
47. Re2 b3 0-1

[Event "40. Open Vila de Sitges 2014"]
[Site "Sitges ESP"]
[Date "2014.07.28"]
[Round "6.7"]
[White "Piasetski, Leon"]
[Black "Grigoryan, Karen H"]
[Result "0-1"]
[WhiteElo "2297"]
[BlackElo "2592"]
[PlyCount "74"]
[EventDate "2014.07.22"]
[EventType "swiss"]
[EventRounds "9"]
[EventCountry "ESP"]
[Source "lmi"]
[SourceDate "2014.07.22"]

1. Nf3 g6 2. d4 Nf6 3. c3 Bg7 4. Bf4 c5 5. e3 cxd4 6. cxd4 Qb6 7. Qd2 Ne4 8.
Qc2 Nc6 9. Nc3 Nxc3 10. bxc3 d6 11. Rb1 Qc7 12. Bd3 e5 13. Bg3 O-O 14. O-O b6
15. Nd2 Bb7 16. f4 exd4 17. cxd4 Qe7 18. Bf2 d5 19. Qa4 Rfc8 20. Rfc1 Na5 21.
Kf1 Bf8 22. Ke2 Qe6 23. h3 Bc6 24. Bb5 Bxb5+ 25. Qxb5 Ba3 26. Rxc8+ Rxc8 27.
Qd3 Qd6 28. e4 dxe4 29. Qxe4 Bc1 30. Be3 Qa3 31. f5 Bxd2 32. Bxd2 Qxa2 33. Rc1
Nc4 34. Rc2 Qa4 35. Kf2 Qd7 36. Bh6 Nd6 37. Rxc8+ Qxc8 0-1

[Event "40. Open Vila de Sitges 2014"]
[Site "Sitges ESP"]
[Date "2014.07.28"]
[Round "6.8"]
[White "Burmakin, Vladimir"]
[Black "Del Rey, Diego"]
[Result "1-0"]
[WhiteElo "2590"]
[BlackElo "2363"]
[PlyCount "79"]
[EventDate "2014.07.22"]
[EventType "swiss"]
[EventRounds "9"]
[EventCountry "ESP"]
[Source "lmi"]
[SourceDate "2014.07.22"]

1. Nf3 Nf6 2. c4 g6 3. b3 Bg7 4. Bb2 O-O 5. g3 d6 6. d4 c5 7. Bg2 Nc6 8. d5 Nb4
9. a3 Na6 10. O-O b5 11. Nfd2 Rb8 12. Nc3 Nc7 13. Re1 e6 14. Rb1 exd5 15. Nxd5
Nfxd5 16. cxd5 Bxb2 17. Rxb2 f5 18. e4 Qf6 19. Rc2 Qd4 20. Qc1 Bb7 21. e5 Bxd5
22. Nf3 Qg4 23. exd6 Bxf3 24. dxc7 Rbc8 25. Bxf3 Qxf3 26. Re3 Qb7 27. Rxc5 Rf7
28. Rec3 f4 29. gxf4 b4 30. axb4 Qxb4 31. R5c4 Qd6 32. Kg2 Qd5+ 33. Kg3 h5 34.
h3 Kh7 35. Qe3 Qh1 36. Rc1 Qd5 37. Qxa7 g5 38. Qc5 Qd3+ 39. Kh2 Qf3 40. Qe3 1-0

[Event "40. Open Vila de Sitges 2014"]
[Site "Sitges ESP"]
[Date "2014.07.28"]
[Round "6.9"]
[White "Akshat, Khamparia"]
[Black "Gonzalez Perez, Arian"]
[Result "1-0"]
[WhiteElo "2367"]
[BlackElo "2494"]
[PlyCount "69"]
[EventDate "2014.07.22"]
[EventType "swiss"]
[EventRounds "9"]
[EventCountry "ESP"]
[Source "lmi"]
[SourceDate "2014.07.22"]

1. d4 d5 2. c4 e6 3. Nc3 Be7 4. Nf3 Nf6 5. Bf4 O-O 6. e3 Nbd7 7. Qc2 c5 8. cxd5
exd5 9. Be2 b6 10. O-O Bb7 11. Rfd1 a6 12. Ne5 Rc8 13. Qf5 cxd4 14. Rxd4 Nc5
15. Bf3 Ne6 16. Rdd1 Nxf4 17. exf4 Qd6 18. g4 Qe6 19. Qd3 Rfd8 20. g5 Ne4 21.
Bg4 f5 22. gxf6 Qxf6 23. Nxe4 Qxf4 24. Be6+ Kf8 25. Ng3 Qxe5 26. Re1 Qg5 27.
Qxh7 Bb4 28. Qg8+ Ke7 29. Bxc8+ Bxe1 30. Rxe1+ Kd6 31. Qe6+ Kc7 32. Bxb7 Kxb7
33. Qf7+ Kc6 34. Re6+ Kb5 35. Qc7 1-0

[Event "40. Open Vila de Sitges 2014"]
[Site "Sitges ESP"]
[Date "2014.07.28"]
[Round "6.10"]
[White "Martinez Alcantara, Jose Eduar"]
[Black "Munoz Pantoja, Miguel"]
[Result "1/2-1/2"]
[WhiteElo "2295"]
[BlackElo "2457"]
[PlyCount "84"]
[EventDate "2014.07.22"]
[EventType "swiss"]
[EventRounds "9"]
[EventCountry "ESP"]
[Source "lmi"]
[SourceDate "2014.07.22"]

1. e4 d5 2. exd5 Qxd5 3. Nc3 Qa5 4. d4 Nf6 5. Nf3 Bg4 6. h3 Bxf3 7. Qxf3 c6 8.
Bc4 e6 9. Bd2 Nbd7 10. O-O-O Qb6 11. Qe2 O-O-O 12. f4 Bb4 13. Rhf1 Kb8 14. a3
Bd6 15. g4 Qc7 16. f5 e5 17. d5 Nxd5 18. Bxd5 cxd5 19. Nxd5 Qc6 20. Bb4 Bxb4
21. Nxb4 Qh6+ 22. Kb1 a5 23. Nd5 Qc6 24. Qe1 b6 25. Rf2 Nf6 26. Nc3 Rxd1+ 27.
Qxd1 Rc8 28. Re2 Nd7 29. Rd2 Nc5 30. Rd6 Qb7 31. b4 axb4 32. axb4 Na6 33. Na4
Rc4 34. c3 Qe4+ 35. Ka1 Rc6 36. b5 Rxd6 37. Qxd6+ Nc7 38. Nxb6 Kb7 39. Nd7 Qe1+
40. Kb2 Qxc3+ 41. Kxc3 Nxb5+ 42. Kd3 Nxd6 1/2-1/2

[Event "40. Open Vila de Sitges 2014"]
[Site "Sitges ESP"]
[Date "2014.07.29"]
[Round "7.1"]
[White "Gomez Garrido, Camilo Ernesto"]
[Black "Alarcon Casellas, Rolando"]
[Result "1-0"]
[WhiteElo "2495"]
[BlackElo "2378"]
[PlyCount "87"]
[EventDate "2014.07.22"]
[EventType "swiss"]
[EventRounds "9"]
[EventCountry "ESP"]
[Source "lmi"]
[SourceDate "2014.07.22"]

1. e4 c5 2. Nf3 d6 3. Bb5+ Nc6 4. O-O Bd7 5. Re1 Nf6 6. c3 a6 7. Bf1 Bg4 8. h3
Bxf3 9. Qxf3 g6 10. d3 Bg7 11. Nd2 O-O 12. Qe2 Nd7 13. Nf3 Rc8 14. Be3 b5 15.
Qd2 e5 16. a4 Na5 17. Qd1 Qc7 18. axb5 axb5 19. b4 cxb4 20. cxb4 Nc6 21. Qb3
Qb8 22. Red1 Nd4 23. Nxd4 exd4 24. Bd2 Nb6 25. h4 h5 26. g3 Kh7 27. Bh3 Rc3 28.
Bxc3 dxc3 29. d4 Na4 30. Rac1 Qb6 31. Rxc3 Nxc3 32. Qxc3 Re8 33. Qd3 Qb7 34. d5
Qb6 35. Kg2 Ra8 36. Qf3 Ra7 37. g4 hxg4 38. Bxg4 Qd8 39. h5 Be5 40. hxg6+ fxg6
41. Rh1+ Kg7 42. Qe3 Rf7 43. Qh6+ Kf6 44. f4 1-0

[Event "40. Open Vila de Sitges 2014"]
[Site "Sitges ESP"]
[Date "2014.07.29"]
[Round "7.2"]
[White "Oliva Castaneda, Kevel"]
[Black "Ghosh, Diptayan"]
[Result "1/2-1/2"]
[WhiteElo "2419"]
[BlackElo "2468"]
[PlyCount "57"]
[EventDate "2014.07.22"]
[EventType "swiss"]
[EventRounds "9"]
[EventCountry "ESP"]
[Source "lmi"]
[SourceDate "2014.07.22"]

1. Nf3 d5 2. c4 c6 3. e3 Nf6 4. Nc3 a6 5. Qc2 g6 6. d4 Bg7 7. Bd3 O-O 8. O-O
Bg4 9. Ne5 Be6 10. c5 Nbd7 11. Nxd7 Bxd7 12. Bd2 Ng4 13. f4 Nh6 14. Qb3 Rb8 15.
h3 Kh8 16. Be1 f6 17. Bg3 Nf5 18. Bxf5 Bxf5 19. Bh2 h5 20. Nd1 Qd7 21. Nf2 Rbe8
22. Qd1 h4 23. Nd3 Be4 24. Rc1 Bxd3 25. Qxd3 f5 26. Kf2 Rf6 27. g3 hxg3+ 28.
Bxg3 Kg8 29. Rg1 1/2-1/2

[Event "40. Open Vila de Sitges 2014"]
[Site "Sitges ESP"]
[Date "2014.07.29"]
[Round "7.3"]
[White "Palit, Somak"]
[Black "Perez Mitjans, Orelvis"]
[Result "1-0"]
[WhiteElo "2411"]
[BlackElo "2414"]
[PlyCount "117"]
[EventDate "2014.07.22"]
[EventType "swiss"]
[EventRounds "9"]
[EventCountry "ESP"]
[Source "lmi"]
[SourceDate "2014.07.22"]

1. e4 c5 2. Nf3 g6 3. Bc4 Bg7 4. O-O d6 5. c3 Nf6 6. Re1 O-O 7. Bb3 Nc6 8. h3
e5 9. d4 b6 10. Na3 Bb7 11. dxc5 dxc5 12. Qe2 Na5 13. Bc2 Qe7 14. Nc4 Nxc4 15.
Qxc4 Kh8 16. a4 Nh5 17. a5 Nf4 18. Bb3 g5 19. axb6 axb6 20. Rxa8 Bxa8 21. Qb5
f5 22. Bxf4 gxf4 23. Bc2 Bf6 24. exf5 e4 25. Bxe4 Bxe4 26. Qc4 Re8 27. Nd2 Qg7
28. Rxe4 Rg8 29. Qf1 Qg5 30. Nf3 Qxf5 31. Qc4 Qg6 32. Ne1 b5 33. Qe6 Qg5 34.
Qf7 c4 35. Re6 Bd8 36. Re8 Rxe8 37. Qxe8+ Kg7 38. Qd7+ Qe7 39. Qxe7+ Bxe7 40.
Nc2 Kf6 41. Na3 Ke5 42. f3 b4 43. Nxc4+ Kd5 44. Nd2 Bf6 45. Ne4 Be5 46. h4 Kc4
47. h5 h6 48. Kh2 Kd3 49. cxb4 Kc4 50. Kh3 Kxb4 51. Kg4 Kc4 52. Nf2 Bxb2 53.
Kxf4 Kd4 54. Ng4 Kd3 55. Ne5+ Ke2 56. g4 Bc3 57. Kf5 Bxe5 58. Kxe5 Kxf3 59. Kf5
1-0

[Event "40. Open Vila de Sitges 2014"]
[Site "Sitges ESP"]
[Date "2014.07.29"]
[Round "7.4"]
[White "Hernando Rodrigo, Julio Antoni"]
[Black "Burmakin, Vladimir"]
[Result "0-1"]
[WhiteElo "2332"]
[BlackElo "2590"]
[PlyCount "41"]
[EventDate "2014.07.22"]
[EventType "swiss"]
[EventRounds "9"]
[EventCountry "ESP"]
[Source "lmi"]
[SourceDate "2014.07.22"]

1. d4 c6 2. c4 Nf6 3. Nf3 d5 4. e3 Bf5 5. Nc3 e6 6. Nh4 Be4 7. f3 Bg6 8. g3
Nbd7 9. Qb3 Qc7 10. Bd2 Be7 11. O-O-O a6 12. Nxg6 hxg6 13. cxd5 cxd5 14. Kb1 b5
15. e4 Nb6 16. Bf4 Qd8 17. a4 O-O 18. axb5 axb5 19. Bxb5 Ra5 20. h4 Qa8 21. h5
0-1

[Event "40. Open Vila de Sitges 2014"]
[Site "Sitges ESP"]
[Date "2014.07.29"]
[Round "7.5"]
[White "Grigoryan, Karen H"]
[Black "Gomez Ledo, Roberto Carlos"]
[Result "1/2-1/2"]
[WhiteElo "2592"]
[BlackElo "2429"]
[PlyCount "70"]
[EventDate "2014.07.22"]
[EventType "swiss"]
[EventRounds "9"]
[EventCountry "ESP"]
[Source "lmi"]
[SourceDate "2014.07.22"]

1. d4 Nf6 2. c4 e6 3. Nf3 c5 4. g3 d5 5. cxd5 exd5 6. Bg2 Nc6 7. O-O Be7 8. Nc3
O-O 9. Bg5 cxd4 10. Nxd4 h6 11. Be3 Be6 12. Nxc6 bxc6 13. Na4 Re8 14. Qc2 Qd7
15. Rfc1 Rac8 16. Nc5 Bxc5 17. Qxc5 Bh3 18. Bf3 Re7 19. b4 Ne4 20. Qd4 Rce8 21.
Rc2 Nd6 22. Qc5 Nc4 23. Bd4 Qf5 24. Rc3 Rxe2 25. Bxe2 Rxe2 26. g4 Bxg4 27. Rg3
Nd2 28. h3 Nf3+ 29. Kh1 h5 30. hxg4 hxg4 31. Rxf3 gxf3 32. Qd6 Re4 33. Qb8+ Kh7
34. Qh2+ Kg8 35. Qb8+ Kh7 1/2-1/2

[Event "40. Open Vila de Sitges 2014"]
[Site "Sitges ESP"]
[Date "2014.07.29"]
[Round "7.6"]
[White "Akshat, Khamparia"]
[Black "Movsziszian, Karen"]
[Result "0-1"]
[WhiteElo "2367"]
[BlackElo "2520"]
[PlyCount "76"]
[EventDate "2014.07.22"]
[EventType "swiss"]
[EventRounds "9"]
[EventCountry "ESP"]
[Source "lmi"]
[SourceDate "2014.07.22"]

1. d4 d6 2. c4 e5 3. Nc3 Nd7 4. Nf3 g6 5. g3 Bg7 6. Bg2 Ngf6 7. O-O O-O 8. e4
c6 9. Re1 exd4 10. Nxd4 Ne5 11. Bf1 Bg4 12. f3 c5 13. fxg4 cxd4 14. Nd5 Nfxg4
15. b3 h5 16. Bg2 Qd7 17. Rb1 Rac8 18. Bg5 f6 19. Bf4 Nc6 20. Rb2 Kh7 21. h3
Nge5 22. Rf2 Rf7 23. Ref1 Rcf8 24. Bc1 a6 25. a4 f5 26. Nf4 Ne7 27. Kh2 Kg8 28.
exf5 Rxf5 29. Be4 R5f6 30. Kg2 h4 31. gxh4 Nf5 32. Kh2 Ne3 33. Qe1 Nxf1+ 34.
Qxf1 Bh6 35. Bd5+ Kh7 36. h5 Qf5 37. hxg6+ Nxg6 38. Qe1 Qe5 0-1

[Event "40. Open Vila de Sitges 2014"]
[Site "Sitges ESP"]
[Date "2014.07.29"]
[Round "7.7"]
[White "Aroshidze, Levan"]
[Black "Raghunandan, Kaumandur Srihari"]
[Result "1-0"]
[WhiteElo "2565"]
[BlackElo "2148"]
[PlyCount "79"]
[EventDate "2014.07.22"]
[EventType "swiss"]
[EventRounds "9"]
[EventCountry "ESP"]
[Source "lmi"]
[SourceDate "2014.07.22"]

1. e4 c5 2. Nf3 d6 3. d4 cxd4 4. Nxd4 Nf6 5. Nc3 a6 6. f3 e5 7. Nb3 Be6 8. Be3
Be7 9. Qd2 O-O 10. O-O-O a5 11. a4 Nc6 12. g4 Nb4 13. Kb1 Rc8 14. g5 Nh5 15.
Rg1 f5 16. gxf6 Rxf6 17. Bg5 Rxf3 18. Bxe7 Qxe7 19. Qxd6 Qxd6 20. Rxd6 Rf6 21.
Nxa5 b6 22. Rxe6 Rxe6 23. Bh3 Nf4 24. Bxe6+ Nxe6 25. Nb7 Nd4 26. Rg2 Rc6 27.
Nd5 Rxc2 28. Rxc2 Ndxc2 29. Nxb6 Nd4 30. Nc5 Ndc6 31. Kc1 Kf7 32. Kd2 Ke7 33.
Nd3 Kd6 34. Nc4+ Ke6 35. Nxb4 Nxb4 36. Kc3 Na6 37. b4 g5 38. Ne3 h5 39. Kc4 g4
40. a5 1-0

[Event "40. Open Vila de Sitges 2014"]
[Site "Sitges ESP"]
[Date "2014.07.29"]
[Round "7.8"]
[White "Rahman, Ziaur"]
[Black "Vidarte Morales, Arturo"]
[Result "1/2-1/2"]
[WhiteElo "2515"]
[BlackElo "2323"]
[PlyCount "105"]
[EventDate "2014.07.22"]
[EventType "swiss"]
[EventRounds "9"]
[EventCountry "ESP"]
[Source "lmi"]
[SourceDate "2014.07.22"]

1. Nf3 d5 2. g3 Nf6 3. Bg2 g6 4. c4 dxc4 5. Qa4+ Bd7 6. Qxc4 Bc6 7. Nc3 Bg7 8.
Ne5 O-O 9. Nxc6 Nxc6 10. Bxc6 bxc6 11. Qxc6 e6 12. O-O Nd5 13. d3 Rb8 14. Nxd5
exd5 15. e3 h5 16. d4 Rb6 17. Qc2 h4 18. Qe2 Qd7 19. b3 f5 20. Ba3 Rf7 21. Bc5
Re6 22. Bxa7 Bh6 23. Qf3 Re4 24. Rae1 Qe6 25. Kh1 g5 26. Bc5 Rh7 27. Qe2 g4 28.
Qb5 Kf7 29. Kg2 Bg5 30. f4 gxf3+ 31. Rxf3 hxg3 32. hxg3 f4 33. Ref1 c6 34. Qb8
Rxe3 35. Qf8+ Kg6 36. Qd6 Re2+ 37. R1f2 Rxf2+ 38. Rxf2 Qxd6 39. Bxd6 fxg3 40.
Bxg3 Be3 41. Rc2 Bxd4 42. Rxc6+ Kf5 43. Kf3 Be5 44. Bxe5 Kxe5 45. Rc2 Rh3+ 46.
Kg2 Rd3 47. Kf2 Kd4 48. Ke2 Rh3 49. b4 Rh2+ 50. Kd1 Rh1+ 51. Kd2 Rb1 52. a3 Ra1
53. Rb2 1/2-1/2

[Event "40. Open Vila de Sitges 2014"]
[Site "Sitges ESP"]
[Date "2014.07.29"]
[Round "7.9"]
[White "Munoz Pantoja, Miguel"]
[Black "Mosquera, Miguel"]
[Result "1/2-1/2"]
[WhiteElo "2457"]
[BlackElo "2362"]
[PlyCount "81"]
[EventDate "2014.07.22"]
[EventType "swiss"]
[EventRounds "9"]
[EventCountry "ESP"]
[Source "lmi"]
[SourceDate "2014.07.22"]

1. e4 e6 2. d4 d5 3. Nd2 dxe4 4. Nxe4 Bd7 5. Nf3 Bc6 6. Bd3 Nd7 7. O-O Ngf6 8.
Bg5 Be7 9. Nc3 O-O 10. Qe2 Re8 11. Rfe1 Nd5 12. Bxe7 Qxe7 13. Nxd5 Bxd5 14. Ne5
Nxe5 15. Qxe5 Qd6 16. Qxd6 cxd6 17. c4 Bc6 18. b4 b6 19. Rac1 Rac8 20. c5 dxc5
21. dxc5 bxc5 22. Rxc5 Bd5 23. Ra5 Bc4 24. Bxc4 Rxc4 25. b5 Rc7 26. Rd1 Kf8 27.
g3 Ke7 28. Rd3 Rb8 29. Kg2 Rbb7 30. h4 Rc5 31. Rda3 Rcxb5 32. Rxb5 Rxb5 33.
Rxa7+ Kf6 34. a4 Rb3 35. a5 Ra3 36. g4 h6 37. f4 Ra2+ 38. Kf3 Ra3+ 39. Kg2 Ra2+
40. Kf3 Ra3+ 41. Kg2 1/2-1/2

[Event "40. Open Vila de Sitges 2014"]
[Site "Sitges ESP"]
[Date "2014.07.29"]
[Round "7.10"]
[White "Dave, Dhyani"]
[Black "Meister, Peter"]
[Result "0-1"]
[WhiteElo "2201"]
[BlackElo "2410"]
[PlyCount "66"]
[EventDate "2014.07.22"]
[EventType "swiss"]
[EventRounds "9"]
[EventCountry "ESP"]
[Source "lmi"]
[SourceDate "2014.07.22"]

1. e4 e6 2. d4 d5 3. e5 c5 4. c3 Nc6 5. Nf3 Qb6 6. a3 Nh6 7. b4 cxd4 8. cxd4
Nf5 9. Bb2 a5 10. b5 a4 11. g4 Nh6 12. h3 Na5 13. Qxa4 Bd7 14. Nc3 Be7 15. Bd3
Rc8 16. O-O Nc4 17. Qb3 f6 18. a4 Nf7 19. Ne2 h5 20. Rac1 hxg4 21. hxg4 Rh3 22.
Ng3 fxe5 23. Bxc4 dxc4 24. Rxc4 Rxc4 25. Qxc4 e4 26. Ne1 e5 27. Bc1 exd4 28.
Nxe4 Bxg4 29. Bf4 Qg6 30. Ng3 Be6 31. Qxd4 Qg4 32. Qe3 Bd5 33. Ng2 Rh1+ 0-1